| 000 | 01352cam a2200325 a 4500 | ||
|---|---|---|---|
| 999 |
_c3879 _d3879 |
||
| 001 | 2978456 | ||
| 003 | Nust | ||
| 005 | 20180117090018.0 | ||
| 008 | 920827s1993 gaua 001 0 eng | ||
| 010 | _a 92032927 | ||
| 020 | _a0881731528 (Fairmont Press) | ||
| 020 | _a0139277404 (PrenticeHall) | ||
| 040 |
_aDLC _cDLC _dDLC |
||
| 043 | _an-us--- | ||
| 050 | 0 | 0 |
_aHD9685.U5 _bS795 1993 |
| 082 | 0 | 0 |
_a333.79/323/0973 _220 |
| 100 | 1 | _aStudebaker, John M. | |
| 245 | 1 | 0 |
_aSlashing utility costs handbook / _cby John M. Studebaker. |
| 260 |
_aLilburn, GA : _bFairmont Press ; _aEnglewood Cliffs, NJ : _bDistributed by PTR Prentice-Hall, _cc1993. |
||
| 300 |
_axiii, 257 p. : _bill. ; _c24 cm. |
||
| 500 | _aIncludes index. | ||
| 650 | 0 |
_aElectric utilities _zUnited States _xCosts. |
|
| 650 | 0 |
_aElectric utilities _xRates _zUnited States. |
|
| 650 | 0 |
_aGas industry _zUnited States _xCosts. |
|
| 650 | 0 |
_aGas companies _xRates _zUnited States. |
|
| 906 |
_a7 _bcbc _corignew _d1 _eocip _f19 _gy-gencatlg |
||
| 942 |
_2ddc _cBK |
||